|
|
|
|
| LEADER |
00000cam a2200000 c 4500 |
| 001 |
1752006933 |
| 003 |
DE-627 |
| 005 |
20241026101005.0 |
| 007 |
tu |
| 008 |
210322s2021 gw ||||| 00| ||ger c |
| 015 |
|
|
|a 21,N12
|2 dnb
|
| 016 |
7 |
|
|a 1229712259
|2 DE-101
|
| 020 |
|
|
|a 9783944469560
|c EUR 10.00 (DE), EUR 10.30 (AT)
|9 978-3-944469-56-0
|
| 024 |
3 |
|
|a 9783944469560
|
| 035 |
|
|
|a (DE-627)1752006933
|
| 035 |
|
|
|a (DE-599)DNB1229712259
|
| 035 |
|
|
|a (OCoLC)1243068755
|
| 040 |
|
|
|a DE-627
|b ger
|c DE-627
|e rda
|
| 041 |
|
|
|a ger
|
| 044 |
|
|
|c XA-DE-BW
|
| 082 |
0 |
4 |
|a 830
|q DE-101
|
| 084 |
|
|
|a 53
|2 sdnb
|
| 084 |
|
|
|a 53
|2 sdnb
|
| 084 |
|
|
|a 07
|2 bwlb
|
| 084 |
|
|
|a 944
|2 bwlb
|
| 084 |
|
|
|a 18.10
|2 bkl
|
| 111 |
2 |
|
|a Pallaksch. Die lange Hölderlinnacht
|g Veranstaltung
|d 2020
|c Stuttgart
|j VerfasserIn
|0 (DE-588)1254635017
|0 (DE-627)1797154109
|4 aut
|
| 245 |
1 |
0 |
|a Pallaksch. Hölderlin in Stuttgart
|c Jan Wagner, Dagmara Kraus, Senthuran Varatharajah, Monika Rinck, Ferdinand Schmalz, Lady Bitch Ray, Torch, Alessandro Giaquinto ; eine Veröffentlichung der Arbeitsstelle für literarische Museen, Archive und Gedenkstätten in Baden-Württemberg ; herausgegeben von Thomas Schmidt
|
| 264 |
|
1 |
|a Marbach am Neckar
|b Deutsche Schillergesellschaft
|c [2021]
|
| 264 |
|
4 |
|c © 2021
|
| 300 |
|
|
|a 51 Seiten
|b Illustrationen
|
| 336 |
|
|
|a Text
|b txt
|2 rdacontent
|
| 337 |
|
|
|a ohne Hilfsmittel zu benutzen
|b n
|2 rdamedia
|
| 338 |
|
|
|a Band
|b nc
|2 rdacarrier
|
| 490 |
1 |
|
|a Ferne Spuren
|v 2
|
| 500 |
|
|
|a "Ferne Spuren 2" entstand aus Anlass der als Abschluss des Hölderlinjahres 2020 geplanten Veranstaltung "Pallaksch. Die lange Hölderlinnacht" - einer Kooperation zwischen dem Deutschen Literaturarchiv Marbach, Schauspiel, Oper und Ballett des Staatstheaters Stuttgart sowie dem Literaturhaus Stuttgart
|
| 583 |
1 |
|
|a Archivierung/Langzeitarchivierung gewährleistet
|f PEBW
|x XA-DE-BW
|2 pdager
|5 DE-24
|
| 600 |
1 |
7 |
|0 (DE-588)118551981
|0 (DE-627)133442349
|0 (DE-576)161449476
|a Hölderlin, Friedrich
|d 1770-1843
|2 gnd
|7 (dpeaa)DE-631
|
| 650 |
0 |
7 |
|0 (DE-588)4125453-3
|0 (DE-627)105740128
|0 (DE-576)209576669
|a Veranstaltung
|2 gnd
|7 (dpeaa)DE-631
|
| 650 |
0 |
7 |
|0 (DE-588)4006627-7
|0 (DE-627)106376888
|0 (DE-576)208866353
|a Bildnis
|2 gnd
|7 (dpeaa)DE-631
|
| 650 |
|
4 |
|a Friedrich Hölderlin
|7 (dpeaa)DE-Stg277/sred21
|
| 650 |
|
4 |
|a Hölderlinjahr
|7 (dpeaa)DE-Stg277/sred21
|
| 651 |
|
7 |
|0 (DE-588)4058282-6
|0 (DE-627)106147811
|0 (DE-576)209125608
|a Stuttgart
|2 gnd
|7 (dpeaa)DE-631
|
| 655 |
|
7 |
|a Anthologie
|0 (DE-588)4002214-6
|0 (DE-627)106394134
|0 (DE-576)208846182
|2 gnd-content
|
| 655 |
|
7 |
|a Biografie
|0 (DE-588)4006804-3
|0 (DE-627)104213493
|0 (DE-576)208867147
|2 gnd-content
|
| 689 |
0 |
0 |
|d p
|0 (DE-588)118551981
|0 (DE-627)133442349
|0 (DE-576)161449476
|a Hölderlin, Friedrich
|d 1770-1843
|2 gnd
|
| 689 |
0 |
1 |
|d g
|0 (DE-588)4058282-6
|0 (DE-627)106147811
|0 (DE-576)209125608
|a Stuttgart
|2 gnd
|
| 689 |
0 |
|
|5 (DE-627)
|
| 700 |
1 |
|
|a Wagner, Jan
|d 1971-
|e VerfasserIn
|0 (DE-588)122751493
|0 (DE-627)082133417
|0 (DE-576)216999898
|4 aut
|
| 700 |
1 |
|
|a Kraus, Dagmara
|d 1981-
|e VerfasserIn
|0 (DE-588)1022083848
|0 (DE-627)715861123
|0 (DE-576)364605758
|4 aut
|
| 700 |
1 |
|
|a Varatharajah, Senthuran
|d 1984-
|e VerfasserIn
|0 (DE-588)1088794920
|0 (DE-627)850622409
|0 (DE-576)45935065X
|4 aut
|
| 700 |
1 |
|
|a Rinck, Monika
|d 1969-
|e VerfasserIn
|0 (DE-588)129435856
|0 (DE-627)396455735
|0 (DE-576)185162711
|4 aut
|
| 700 |
1 |
|
|a Schmalz, Ferdinand
|d 1985-
|e VerfasserIn
|0 (DE-588)1049485521
|0 (DE-627)782044603
|0 (DE-576)403467578
|4 aut
|
| 700 |
0 |
|
|a Bitch Ray
|c Lady
|d 1981-
|e VerfasserIn
|0 (DE-588)1065414013
|0 (DE-627)816105618
|0 (DE-576)425128695
|4 aut
|
| 700 |
0 |
|
|a Torch
|c Rapmusiker
|d 1971-
|e VerfasserIn
|0 (DE-588)135232236
|0 (DE-627)576430390
|0 (DE-576)317441957
|4 aut
|
| 700 |
1 |
|
|a Giaquinto, Alessandro
|d 1997-
|e VerfasserIn
|0 (DE-588)1211197042
|0 (DE-627)1699028214
|4 aut
|
| 700 |
1 |
|
|a Schmidt, Thomas
|d 1963-
|e HerausgeberIn
|0 (DE-588)1019670193
|0 (DE-627)685511766
|0 (DE-576)358579791
|4 edt
|
| 710 |
2 |
|
|a Arbeitsstelle für Literarische Museen, Archive und Gedenkstätten in Baden-Württemberg
|e Herausgebendes Organ
|0 (DE-588)2105473-3
|0 (DE-627)101070861
|0 (DE-576)193274744
|4 isb
|
| 830 |
|
0 |
|a Ferne Spuren
|v 2
|9 2
|w (DE-627)799992038
|w (DE-576)416567746
|w (DE-600)2797856-4
|7 am
|
| 856 |
4 |
2 |
|u https://d-nb.info/1229712259/04
|m B:DE-101
|q application/pdf
|v 2022-01-14
|x Verlag
|3 Inhaltsverzeichnis
|
| 935 |
|
|
|a BWLB
|a IHoeB
|
| 936 |
b |
k |
|a 18.10
|j Deutsche Literatur
|0 (DE-627)106405047
|
| 951 |
|
|
|a BO
|
| 990 |
|
|
|a Stuttgart
|
| 990 |
|
|
|a Hölderlin, Friedrich
|
| 992 |
|
|
|a 20220809
|
| 993 |
|
|
|a Book
|
| 994 |
|
|
|a 2021
|
| 998 |
|
|
|g 1019670193
|a Schmidt, Thomas
|m 1019670193:Schmidt, Thomas
|d 90000
|d 90100
|e 90000PS1019670193
|e 90100PS1019670193
|k 0/90000/
|k 1/90000/90100/
|p 1
|x j
|y j
|
| 999 |
|
|
|a KXP-PPN1752006933
|e 4177032794
|
| BIB |
|
|
|a Y
|
| JSO |
|
|
|a {"type":{"bibl":"book"},"title":[{"title_sort":"Pallaksch. Hölderlin in Stuttgart","title":"Pallaksch. Hölderlin in Stuttgart"}],"note":["\"Ferne Spuren 2\" entstand aus Anlass der als Abschluss des Hölderlinjahres 2020 geplanten Veranstaltung \"Pallaksch. Die lange Hölderlinnacht\" - einer Kooperation zwischen dem Deutschen Literaturarchiv Marbach, Schauspiel, Oper und Ballett des Staatstheaters Stuttgart sowie dem Literaturhaus Stuttgart"],"corporate":[{"role":"aut","display":"Pallaksch. Die lange Hölderlinnacht (2020, Stuttgart)"},{"display":"Arbeitsstelle für Literarische Museen, Archive und Gedenkstätten in Baden-Württemberg","role":"isb"}],"relMultPart":[{"title":[{"title_sort":"Ferne Spuren","subtitle":"eine Veröffentlichung der Arbeitsstelle für Literarische Museen, Archive und Gedenkstätten in Baden-Württemberg","title":"Ferne Spuren"}],"physDesc":[{"noteFormat":"25 cm"}],"part":{"number_sort":["2"],"number":["2"]},"recId":"799992038","origin":[{"publisher":"Dt. Schillerges.","dateIssuedDisp":"2014-","dateIssuedKey":"2014","publisherPlace":"Marbach am Neckar"}],"id":{"eki":["799992038"],"zdb":["2797856-4"]},"pubHistory":["1.2014 -"],"language":["ger"],"type":{"bibl":"serial"},"corporate":[{"role":"isb","display":"Arbeitsstelle für Literarische Museen, Archive und Gedenkstätten in Baden-Württemberg"}],"disp":"Ferne Spuren","dispAlt":"Ferne Spuren"}],"physDesc":[{"extent":"51 Seiten","noteIll":"Illustrationen"}],"origin":[{"dateIssuedKey":"2021","dateIssuedDisp":"[2021]","publisher":"Deutsche Schillergesellschaft","publisherPlace":"Marbach am Neckar"}],"recId":"1752006933","language":["ger"],"person":[{"given":"Jan","display":"Wagner, Jan","family":"Wagner","role":"aut"},{"family":"Kraus","role":"aut","display":"Kraus, Dagmara","given":"Dagmara"},{"given":"Senthuran","display":"Varatharajah, Senthuran","family":"Varatharajah","role":"aut"},{"family":"Rinck","role":"aut","display":"Rinck, Monika","given":"Monika"},{"display":"Schmalz, Ferdinand","given":"Ferdinand","role":"aut","family":"Schmalz"},{"display":"Bitch Ray","given":"","role":"aut","family":"Bitch Ray"},{"role":"aut","family":"Torch","given":"","display":"Torch"},{"given":"Alessandro","display":"Giaquinto, Alessandro","role":"aut","family":"Giaquinto"},{"given":"Thomas","display":"Schmidt, Thomas","family":"Schmidt","role":"edt"}],"name":{"displayForm":["Jan Wagner, Dagmara Kraus, Senthuran Varatharajah, Monika Rinck, Ferdinand Schmalz, Lady Bitch Ray, Torch, Alessandro Giaquinto ; eine Veröffentlichung der Arbeitsstelle für literarische Museen, Archive und Gedenkstätten in Baden-Württemberg ; herausgegeben von Thomas Schmidt"]},"id":{"eki":["1752006933"],"isbn":["9783944469560"]}}
|
| SRT |
|
|
|a PALLAKSCHDPALLAKSCHH2021
|